ARRUPE JESUIT UNIVERSITY

CORONAVIRUS -STOP THE SPREAD - CLEAN,DISINFECT,COVER

Fragments of modernity : (Record no. 127354)

MARC details
000 -LEADER
fixed length control field 01077pam a2200313 a 4500
001 - CONTROL NUMBER
control field 2860654
003 - CONTROL NUMBER IDENTIFIER
control field ARRUPE
005 - DATE AND TIME OF LATEST TRANSACTION
control field 20180111121806.0
008 - FIXED-LENGTH DATA ELEMENTS--GENERAL INFORMATION
fixed length control field 851211s1986 mau b 001 0 eng
010 ## - LIBRARY OF CONGRESS CONTROL NUMBER
LC control number 85023707
020 ## - INTERNATIONAL STANDARD BOOK NUMBER
International Standard Book Number 0262061031
040 ## - CATALOGING SOURCE
Original cataloging agency DLC
Transcribing agency DLC
Modifying agency DLC
050 00 - LIBRARY OF CONGRESS CALL NUMBER
Classification number BH301.M54
Item number F75 1986
082 00 - DEWEY DECIMAL CLASSIFICATION NUMBER
Classification number 700/.1
Edition number 19
300 ## - PHYSICAL DESCRIPTION
Dimensions 24 cm.
100 1# - MAIN ENTRY--PERSONAL NAME
Personal name Frisby, David.
9 (RLIN) 38379
245 10 - TITLE STATEMENT
Title Fragments of modernity :
Remainder of title theories of modernity in the work of Simmel, Kracauer, and Benjamin /
Statement of responsibility, etc David Frisby.
250 ## - EDITION STATEMENT
Edition statement 1st MIT Press ed.
260 ## - PUBLICATION, DISTRIBUTION, ETC. (IMPRINT)
Place of publication, distribution, etc Cambridge, Mass. :
Name of publisher, distributor, etc MIT Press,
Date of publication, distribution, etc 1986.
300 ## - PHYSICAL DESCRIPTION
Extent viii, 319 p. ;
440 #0 - SERIES STATEMENT/ADDED ENTRY--TITLE
Title Studies in contemporary German social thought
9 (RLIN) 38380
500 ## - GENERAL NOTE
General note Includes index.
504 ## - BIBLIOGRAPHY, ETC. NOTE
Bibliography, etc Bibliography: p. 309-317.
600 10 - SUBJECT ADDED ENTRY--PERSONAL NAME
Personal name Simmel, Georg,
Dates associated with a name 1858-1918.
9 (RLIN) 38381
600 10 - SUBJECT ADDED ENTRY--PERSONAL NAME
Personal name Kracauer, Siegfried,
Dates associated with a name 1889-1966.
9 (RLIN) 38382
600 10 - SUBJECT ADDED ENTRY--PERSONAL NAME
Personal name Benjamin, Walter,
Dates associated with a name 1892-1940.
9 (RLIN) 24999
650 #0 - SUBJECT ADDED ENTRY--TOPICAL TERM
Topical term or geographic name as entry element Modernism (Aesthetics)
9 (RLIN) 22480
650 #0 - SUBJECT ADDED ENTRY--TOPICAL TERM
Topical term or geographic name as entry element Culture
General subdivision Philosophy.
9 (RLIN) 6330
906 ## - LOCAL DATA ELEMENT F, LDF (RLIN)
a 7
b cbc
c orignew
d 1
e ocip
f 19
g y-gencatlg
942 ## - ADDED ENTRY ELEMENTS (KOHA)
Source of classification or shelving scheme Library of Congress Classification
Koha item type Monograph ( Printed materials)
Holdings
Withdrawn status Lost status Source of classification or shelving scheme Damaged status Not for loan Collection code Home library Current library Shelving location Date acquired Total Checkouts Full call number Barcode Date last seen Price effective from Koha item type
    Library of Congress Classification     Main Collection ARRUPE LIBRARY ARRUPE LIBRARY Main Collection 11/01/2018   BH301.M54 F75 1986 46600001261 11/01/2018 11/01/2018 Monograph ( Printed materials)

 

Arrupe Library. PO Box MP320 Mt Pleasant, Harare, Zimbabwe
263 242 745411|librarian@aju.ac.zw